États-Unis à l'aveugle - Statistiques

Statistiques générales
  • Ce quiz a été pris 940 fois
    913 depuis la dernière actualisation
  • Le résultat moyen est 41 sur 50
Statistiques - réponses
Réponse % Correct
New York
93%
Californie
92%
Floride
91%
Texas
91%
Washington
91%
Alaska
89%
Caroline du Nord
87%
Caroline du Sud
87%
Alabama
86%
Dakota du Nord
86%
Dakota du Sud
86%
Arkansas
85%
Hawaï
85%
Kansas
85%
Nevada
85%
Louisiane
84%
Ohio
84%
Arizona
83%
Nouveau-Mexique
83%
Utah
83%
Virginie
83%
Colorado
82%
Géorgie
82%
Mississippi
82%
Illinois
81%
Michigan
81%
Idaho
80%
Maine
80%
Iowa
79%
Oregon
79%
Vermont
79%
Kentucky
78%
Massachusetts
78%
New Jersey
78%
Pennsylvanie
78%
Virginie-Occidentale
78%
Wyoming
78%
Montana
77%
Tennessee
77%
Indiana
76%
Rhode Island
76%
Wisconsin
76%
Delaware
75%
Nebraska
75%
New Hampshire
75%
Connecticut
74%
Missouri
74%
Oklahoma
74%
Minnesota
73%
Maryland
72%
Aucun quiz correspondant
Distribution des résultats
% des personnes avec chaque résultat
Percentile par nombre de réponses
Votre historique - résultats
Vous n’avez pas pris ce quiz depuis la dernière actualisation